000 00499nam a2200193Ia 4500
003 LK-CoDNM
005 20240312102153.0
008 010623t1933 xxu||||| |||| 00| 1 sin d
040 _aLK-CoDNM
_dLK-CoDNM
_eLK-CoDNM
041 _asin
080 _a104 BB3
245 _aසත්මිණි කිරුළ
246 _aSath Minikirula
260 _bC.J.Agalavaththa
_aKalutara
_c1933
300 _bDamaged
_a16p.,21 cm
650 _aHuman Life
650 _aKing Rajasinghe II
942 _cBK
999 _c96912
_d96912